000 01177nam1a22002171i 4500
001 rc\4556649
005 20240725225942.0
035 _a(NLR Aleph) 008367113
090 _a9034750
_c9034750
100 _a20130416d1965 |||y0rusy50 ca
101 0 _arus
102 _aRU
105 _ay z |||||
200 1 _aТезисы докладов
_e[1]-
_fЛенингр. гор. ком. КПСС. Ленингр. обл. совет НТО. Ленингр. отд-ние о-ва "Знание". Исполком Ленингр. гор. Совета деп. труд. Ленингр. науч.-техн. конференция по повышению техн. уровня, качества и надежности пром. продукции. Ноябрь. 1965 г.
210 _aЛенинград
_cЦБТИ
_d1965
215 _d20
710 1 2 _aЛенинградская научно-техническая конференция по повышению технического уровня , качества и надежности промышленной продукции
801 0 _aRU
_bNLR
_gpsbo
801 1 _aRU
_bELAR
_2rusmarc
852 _aNLR
_j65-6/13656
942 _cBOOK